| Поле | Название | Значение |
| |
Тип записи |
a |
| |
Библиографический уровень |
m |
| 001 |
Контрольный номер |
RU/IS/BASE/348338943 |
| 005 |
Дата корректировки |
20201206204750.9 |
| 010 |
Индекс ISBN |
__ |
| a |
ISBN |
5-86793-421-7 (В пер.) |
| d |
Цена |
169-02 |
| 100 |
Данные общей обработки |
__ |
| a |
Данные общей обработки |
19060217d2006 |||y0rusy0189 ca |
| 101 |
Язык документа |
__ |
| a |
Язык текста |
rus |
| 102 |
Страна публикации |
__ |
| a |
Страна публикации |
RU |
| 105 |
Кодированные данные (монография) |
__ |
| a |
Кодированные данные (монография) |
y zzzz000zy |
| 200 |
Заглавие и сведения об ответственности |
0_ |
| a |
Заглавие |
История бани |
| f |
Первые сведения об ответственности |
Анатолий Рубинов |
| b |
Общее обозначение материала |
Текст |
| 210 |
Выходные данные |
__ |
| a |
Место издания |
М. |
| c |
Издательство |
Новое лит. обозрение |
| d |
Дата издания |
2006 |
| 215 |
Физическое описание |
__ |
| a |
Объем |
295 с., [8] л. ил., портр. |
| 225 |
Серия |
__ |
| a |
Серия |
Культура повседневности |
| 330 |
Аннотация |
__ |
| a |
Аннотация |
Историю бань ведут от древнего Египта и продолжают библейскими временами; недавно стало известно, что бани существовали у древних обитателей Америки. С банями неразрывно связана история нравов, культура в широком значении. Из чего строились, чем растапливались и как украшались бани, до какой температуры нагревался воздух, какими процедурами ублажали себя любители, какие представления были связаны с банями в разные века, забавные банные "сюжеты" и советы медиков - обо всем этом увлекательная книга известного журналиста. |
| 600 |
Персоналии |
__ |
| a |
Персоналии (Фамилия) |
Федорова, Е. С. |
| c |
Дополнение к имени |
Уранова, Е. С.; Сандунова Е. С. |
| 600 |
Персоналии |
__ |
| a |
Персоналии (Фамилия) |
Сандунова, Е. С. |
| c |
Дополнение к имени |
Федорова, Е. С.; Уранова, Е. С. |
| 600 |
Персоналии |
__ |
| a |
Персоналии (Фамилия) |
Сандунов, С. Н. |
| 600 |
Персоналии |
__ |
| a |
Персоналии (Фамилия) |
Санхец, А. |
| g |
Полное имя |
Бирюков, П. Ф. |
| 600 |
Персоналии |
__ |
| a |
Персоналии (Фамилия) |
Воейкова, Ю. А. |
| 606 |
Тематические рубрики |
__ |
| a |
Основная рубрика |
Здравоохранение. Медицинские науки |
| 606 |
Тематические рубрики |
__ |
| a |
Основная рубрика |
Личная гигиена |
| 606 |
Тематические рубрики |
__ |
| a |
Основная рубрика |
История |
| 606 |
Тематические рубрики |
__ |
| a |
Основная рубрика |
Всемирная история |
| y |
Географическая подрубрика |
Древний Рим; Россия; Древняя Греция; Византия; Турция; Кавказ; Грузия; Персия; Дамаск; Каир; Узбекистан; Бухара; Древняя Русь; Астрахань |
| 610 |
Ключевые слова |
__ |
| a |
Ключевые слова |
бани; история бани; душевые; банно-прачечное дело; душевые; термы; римские термы; хамам; сандуны; сауны; персоналии; публичные бани; общественные бани; римские бани; одежда; античность; история банного дела; благовония; банные традиции; банные ритуалы; банные процедуры; парные; парилки; астраханские бани; гигиенические процедуры |
| 686 |
Индексы других классификаций |
__ |
| a |
Классификационный индекс |
51.204.0 |
| 686 |
Индексы других классификаций |
__ |
| a |
Классификационный индекс |
63.3(0)-75 |
| 700 |
Автор |
_1 |
| a |
Фамилия |
Рубинов |
| b |
Имя |
А. З. |
| g |
Полное личное имя |
Анатолий Захарович |
| 4 |
Код отношения |
070 |
| 801 |
Источник записи |
_0 |
| a |
Страна |
RU |
| b |
Организация |
Муниципальное бюджетное учреждение культуры "Централизованная библиотечная система" г. Сургут (Центральная городская библиотека им. А. С. Пушкина) |
| c |
Дата составления |
20060217 |
| g |
Правила каталогизации |
КиК/Поспелова |
| 801 |
Источник записи |
_1 |
| a |
Страна |
RU |
| b |
Организация |
Муниципальное бюджетное учреждение культуры "Централизованная библиотечная система" г. Сургут (Центральная городская библиотека им. А. С. Пушкина) |
| c |
Дата составления |
20060217 |
| g |
Правила каталогизации |
КиК/Поспелова |
| 852 |
Данные о местонахождении |
__ |
| j |
Шифр хранения |
51.204.0 |
| i |
Авторский знак |
Р 82 |
| 901 |
Тип документа |
__ |
| t |
Тип документа |
m |
| 903 |
Характеристики (МАРС) |
__ |
| a |
Дата передачи |
20110117 |
| 990 |
Данные о заказе (DOS) |
__ |
| j |
Количество экземпляров (DOS) |
1 |
| t |
N записи в КСУ для И/У (DOS) |
201102 |